| 000 | 01952nam a2200577 i 4500 | ||
|---|---|---|---|
| 001 | 37659 | ||
| 003 | KOSZ 005 | ||
| 005 | 20200904133305.0 | ||
| 008 | 000214s1999 pl a f |000 0 pol | ||
| 015 | _aPB 2000/2977 | ||
| 040 |
_aWA N _cWA N _dKOSZ005/HR |
||
| 041 | 0 |
_apol _beng _bger |
|
| 046 | _k1999 | ||
| 080 | _a624.01/.07 | ||
| 080 | _a624.014 | ||
| 080 | _a620.17 | ||
| 080 | _a539.4/.5 | ||
| 080 | _a519.7 | ||
| 080 | _a519.863 | ||
| 100 | 1 |
_aMikulski, Leszek _eAutor |
|
| 245 | 1 | 0 |
_aOptymalne kształtowanie sprężystych układów prętowych / _cLeszek Mikulski. |
| 260 |
_aKraków : _bPK, _c1999. |
||
| 300 |
_a245 s. : _bil. ; _c24 cm. |
||
| 336 |
_2rdacontent _aTekst _btxt |
||
| 337 |
_2rdamedia _aBez urządzenia pośredniczącego _bn |
||
| 338 |
_2rdacarrier _aWolumin _bnc |
||
| 380 | _aKsiążki | ||
| 380 | _aPublikacje naukowe | ||
| 388 | _a1901-2000 | ||
| 388 | _a1989-2000 | ||
| 490 | 1 | _aMonografia / Politechnika Krakowska im. Tadeusza Kościuszki. Inżynieria Lądowa. | |
| 500 | _aISSN i nr serii gł. : 0860-097X ; 259. | ||
| 504 | _aBibliogr. | ||
| 546 | _aStreszcz. ang., niem. | ||
| 650 | 4 | _aBelka | |
| 650 | 4 | _aKonstrukcje | |
| 650 | 4 | _aNaprężenia i odkształcenia | |
| 650 | 4 | _aPręty | |
| 650 | 4 | _aMechanika | |
| 650 | 4 | _aSterowanie | |
| 650 | 4 | _aWytrzymałość materiałów | |
| 650 | 4 | _aAnaliza numeryczna | |
| 650 | 4 | _aOptymalizacja | |
| 658 | _aArchitektura i budownictwo | ||
| 658 | _aInżynieria i technika | ||
| 710 | 2 | _aWydawnictwo Politechniki Krakowskiej | |
| 830 | 0 |
_aMonografia - Politechnika Krakowska im. Tadeusza Kościuszki, _v259. |
|
| 830 | 0 |
_aMonografia - Politechnika Krakowska im. Tadeusza Kościuszki. _pInżynieria Lądowa |
|
| 856 |
_uhttp://koha.tu.koszalin.pl/cgi-bin/koha/opac-detail.pl?biblionumber=37659 _yKatalog online BPK |
||
| 942 |
_2UKD _cKS |
||
| 999 |
_c37659 _d37659 |
||